000 01113cam a22002651i 4500
003 SA-RiAUC
005 20260317131658.0
008 260213s1916 ua f f00000 ara c
040 _aSD-KhNU
_bara
_cSA-RiAUC
_erda
043 _af-ua---
_ae-fr---
082 0 4 _a346.072
090 _aم ن 346.072
_bع ي س
100 1 _aعيسى، محمد حلمي السيد،
_dتوفي 2009
_eمؤلف.
245 1 0 _aشرح البيع في القوانين المصرية والفرنسية وفي الشريعة الإسلامية /
_cتأليف محمد حلمي عيسى.
264 1 _aالقاهرة :
_bمطبعة المعارف ومكتبتها،
_c1916
300 _a680 صفحة؛
_c29 سم.
336 _aنص
_btxt
_2rdacontent
_3كتاب
337 _aبدون وسيط
_bn
_2rdamedia
338 _aمجلد
_bnc
_2rdacarrier
650 7 _aالبيع
_xقوانين وتشريعات
_zمصر
_2aucsh
650 7 _aالبيع
_xقوانين وتشريعات
_zفرنسا
_2aucsh
650 7 _aالبيع (فقه إسلامي)
_2aucsh
942 _2ddc
_cRBOOK COPY
_n0
949 _aSA-JeALM
_d260213
_umohamedma123
_n1
999 _c14675
_d14675